Cartoon Characters Slideshow (A-Z) Quiz Stats

Quiz Updated Jun 30, 2015

Challenge
Share
Tweet
Score 0/25 Timer 08:00
21 Plays Today
% Correct
Alvin (Alvin and the Chipmunks)
98.1%
Bob the Builder
94.2%
Casper (Casper the Friendly Ghost)
93.1%
Fred Flintstone (The Flintstones)
90.1%
Mickey Mouse
90%
Jerry (Tom and Jerry)
89.5%
Pink Panther
88.9%
Tigger (Winnie the Pooh)
87.5%
Road Runner (Looney Tunes)
86.5%
Velma Dinkley (Scooby-Doo)
82.8%
Elmer Fudd (Looney Tunes)
79.1%
Kenny McCormick (South Park)
78.8%
Olive Oyl (Popeye)
76.9%
% Correct
Woody Woodpecker
76.2%
Scrooge McDuck (Duck Tales)
75.1%
Lucy van Pelt (Peanuts)
71.4%
Gromit (Wallace and Gromit)
69.8%
Itchy (The Simpsons)
59.6%
Yami Yugi (Yu-Gi-Oh!)
47.8%
Danger Mouse
47.5%
Naruto Uzumaki (Naruto)
46%
Heathcliff (Heathcliff and Marmaduke)
40.1%
Quick-Draw McGraw
33.5%
Prince Zuko (Avatar: The Last Airbender)
22.2%
Ulysses (Ulysses 31)
14%

You're not logged in!

Compare scores with friends on all Sporcle quizzes.
Sign Up with Email
OR
Log In

You Might Also Like...

Show Comments

Extras

Top Quizzes Today


Score Distribution

Your Account Isn't Verified!

In order to create a playlist on Sporcle, you need to verify the email address you used during registration. Go to your Sporcle Settings to finish the process.